000 00348 a2200157 4500
001 62729
020 _a9788546900404
040 _cAnchieta - Pituba
100 _aKipling, Joseph Rudyard
240 1 0 _aMogli, o menino lobo
_lpor
245 1 0 _aMogli, o menino lobo
300 _a91
362 0 _a2016
650 4 _aFicção inglesa
942 _cBK
999 _c62729
_d62729